|
|
|
|
| LEADER |
00832cam a2200229 7i4500 |
| 001 |
0000041556 |
| 005 |
20170726090000.0 |
| 020 |
|
|
|a 0534624251 (hbk.)
|
| 020 |
|
|
|a 9780534624255 (hbk.)
|
| 090 |
0 |
0 |
|a HQ734
|b .S79 2011
|
| 100 |
1 |
|
|a Strong, Bryan
|
| 245 |
1 |
4 |
|a The marriage and family experience :
|b intimate relationships in a changing society
|c Bryan Strong, Christine DeVault, Theodore F. Cohen.
|
| 250 |
|
|
|a 11th ed.
|
| 260 |
|
|
|a Australia:
|b Wadsworth Cengage Learning,
|c 2011.
|
| 300 |
|
|
|a xxv, 615 p.:
|b col. ill.;
|c 26 cm.
|
| 650 |
0 |
0 |
|a Families
|
| 650 |
0 |
0 |
|a Marriage
|
| 700 |
1 |
|
|a Cohen, Theodore F
|
| 700 |
1 |
|
|a DeVault, Christine
|
| 997 |
|
|
|a Education & Social Sciences, Faculty
|b Social Sciences, Department
|
| 998 |
|
|
|a Industrial Psychology, Degree
|
| 999 |
|
|
|a 0000056112
|b BOK
|c OPEN SHELF
|e 1st Floor, Bestari Jaya
|